| 000 | 00329nam a22001217a 4500 | ||
|---|---|---|---|
| 082 |
_a669.722 _bFOR _cL-17, P-29 |
||
| 245 | _aFormaing Alcoa Aluminum | ||
| 260 |
_aAmerica _bAluminum Company of America _c1948 |
||
| 300 |
_a63 P., _bill _c14cm |
||
| 526 |
_a0 _b0 _c0 _d669_722000000000000_FOR |
||
| 650 |
_aMCE _9379 |
||
| 942 |
_2ddc _cBK |
||
| 999 |
_c548758 _d548758 |
||